| 000 | 00817cgm a2200217 4500 | ||
|---|---|---|---|
| 005 | 20140721121202.0 | ||
| 007 | vd cgaizm | ||
| 008 | 140721t2009 xx 37 f |||| 0| vleng d | ||
| 020 | _a9781424029440 | ||
| 020 | _a1424029449 | ||
| 082 | 0 | 4 |
_222 _a428.43 _bREA |
| 245 | 0 | 0 |
_aReading explorer 2 _h[videorecording] : _bvideo on DVD : pre-intermediate : 1300-1900 headwords : CEF B1-B2 / _cNational Geographic. |
| 260 |
_a[S. l.] : _bHeinle Cengage Learning, _cc.2009. |
||
| 300 |
_a1 videodisc (37:39 min.) : _bsd., col. ; _c4 3/4 in. |
||
| 650 | 0 |
_913995 _aReading comprehension |
|
| 650 | 0 |
_935962 _aDiscoveries in geography |
|
| 650 | 0 |
_936062 _aEnglish language _vFilms for foreign speakers |
|
| 653 |
_bEEENG _cJuly2014 |
||
| 710 | 2 |
_aNational Geographic Digital Motion (Firm) _936061 |
|
| 942 |
_2ddc _cDVD _k428.43 REA |
||
| 999 |
_c18371 _d18343 |
||